000 01103cam a22002891i 4500
001 gs 56000124
003 DLC
005 20260227111404.0
008 780406s1955 dcuabd b f000 0 eng
010 _ags 56000124
035 _a(OCoLC)3784457
040 _aDLC
_cOClU
_dISS
_dOCoLC
_dDLC
050 0 0 _aQE75
_b.P9 no. 278
051 _aQE86.Y3
_bA6
082 _a557.91
086 0 _aI 19.16:278
100 1 _aAnderson, Charles Alfred,
_d1902-
245 0 0 _aGeology and ore deposits of the Bagdad area, Yavapai County, Arizona /
_cby C. A. Anderson, E. A. Scholz, and J. D. Strobell.
260 _aWashington :
_bU.S. Govt. Print. Off.,
_c1955.
300 _a103 p. :
_bill. (1 col.), maps (part fold., 1 col.), diagrs., tables. ;
_c29 cm.
410 2 0 _aGeological Survey (U.S.).
_tProfessional paper ;
_v278
500 _aPart of illustrative matter in pocket.
500 _aA study of the Bagdad porphyry copper deposit and its geologic setting.
504 _a"Literature cited" : p. 98-99.
650 0 _aGeology
_zArizona
_zYavapai County
650 0 _aOre deposits
_zArizona
_zYavapai County.
999 _c29045
_d29045